Justiça de Catamount (Record no. 45820)

MARC details
000 -Etiqueta do registo
Valores 00533cam a22001931 4500
100 ## - Dados gerais de processamento
Dados gerais 19931026d1942 m y0pory5003 ba
101 1# - Língua de publicação
Língua por
102 ## - País de publicação
País PT
200 1# - Titulo e menção de responsabilidade
Título próprio Justiça de Catamount
Primeira menção de responsabilidade Albert Bonneau
Outras menções de responsabilidade trad. de Frederico de Carvalho
210 #9 - Publicação
Local de publicação Lisboa
Nome do editor Livraria Clássica,
Data de publicação 1942
215 ## - Descrição física 
Paginação / Volumes 206, [1] p.
Dimensões 19 cm
225 2# - Colecção 
Título próprio da colecção Os Melhores romances de aventuras
Indicação de volume 34
675 ## - CDU
Notação 82-93
700 #1 - Autor principal
Apelido Voussac,
Nome Jean,
702 #1 - Autor secundário
Apelido Carvalho,
Nome Frederico de
Função 730
801 #0 - Fonte de origem
País PT
Agência BN
Regras de catalogação RPC
990 ## - Elementos KOHA
Tipo de documento Livro
Holdings
Aquisição Empréstimo Código de barras Cota Permissão de empréstimo Tipo de documento
Biblioteca Municipal de Redondo Biblioteca Municipal de Redondo 057055 82-93 BON   Livro

Powered by Koha